Maailman valtioiden televisiokanavia - Statistics

Yleistilastot
  • Tätä visaa on pelattu 11 kertaa
  • Keskiarvotulos 7 / 20
Vastaustilastot
% Oikein
BBC Iso-Britannia
100%
CNN Yhdysvallat
100%
SVT Ruotsi
89%
Fox News Yhdysvallat
78%
CBC News Network Kanada
56%
NRK Norja
56%
RAI Italia
44%
ETV Viro
44%
Al Jazeera Qatar
33%
RT Venäjä
33%
ABC TV Australia
22%
CCTV Kiina
22%
AFP Ranska
11%
TRT Turkki
11%
Televisión Pública Argentiina
0%
RTVE Espanja
0%
IRIB Israel
0%
NHK Japani
0%
KCTV Pohjois-Korea
0%
TVP Puola
0%
Ehtoja vastaavia visoja ei löytynyt
Tulosjakauma
Jokaisen tuloksen saaneiden osuus
Persentiili vastausten määrän mukaan
Tuloshistoriasi
Et ole pelannut tätä visaa